000 00596nam a22001457a 4500
005 20230616181357.0
008 230425b xxu||||| |||| 00| 0 eng d
082 _a372.35
_bBAB
100 _aBabanagar, Narayana
245 _aಮಾಡಿ ನೋಡಿ ವಿಜ್ಞಾನ ಕಲಿ
_bVidyunmaana Samparka Saadhangalu
_cNarayan Babanagar
260 _aBelagavi
_bPrasaranga, Visveswaraya Technological University ( VTU )
_c2021
300 _a88p.
440 _aJanpriya Taantrika Shikshana Maale (ಜನಪ್ರಿಯ ತಾಂತ್ರಿಕ ಶಿಕ್ಷಣ ಮಾಲೆ)
650 _aGeneral
999 _c11654
_d11654